000 01130cab a2200289 4500
001 ABS51420
008 090401t1994 xxu||||| |||| 00| 0 eng d
035 _a(Sirsi) u25795
041 _aeng
100 _aPotts, D.
245 _aFactors affecting the valuation of metals and minerals operations
260 _c1994
350 _a0
490 _aMinerals Industry International
_v(1020) Septembre 1994, 17-21(5)
520 _aExamines key technical, economic and financial factors which need to be taken into consideration in the valuation of metals and mineral producing companies. Valuation techniques such as fundamental discounted net cash flow, price/earnings ratio and dividend yields are also discussed.
650 _aMANAGEMENT-BUSINESS MANAGEMENT-FINANCIAL MANAGEMENT-ACCOUNTING
650 _aFUNDAMENTAL DISCOUNTED NET CASH FLOW
650 _aMINERAL VALUATIONS
650 _aMINERALS OPERATIONS
650 _aMINING COMPANIES
650 _aPRICE/EARNINGS RATIO
650 _aVALUATION ISSUES
650 _aVALUATION METHODS
690 _aMINING AND MINERALS
942 _n0
948 _c04/03/1997
999 _c17336
_d17336